Footballplayers that have played for Real Marid - Statistics

General Stats
  • This quiz has been taken 52 times
  • The average score is 15 of 20
Answers on the Grid
Answers color-coded by a green-red scale on the quiz's grid according to % correct below.
Ronaldinho
Cristiano Ronaldo
Arda guler
Raul
Zlatan Ibrahimović
Kevin De Bruyne
Martin Ødegaard
Achraf Hakimi
Theo Hernandez
Keylor Navas
Ronaldo Nazario
Juan Mata
Lev Yashin
Diogo Maradona
Fabinho
Samuel Eto'o
Sadio Mane
Sergio Reguilón
Rafael Leão
Michael Essien
Ángel Di María
Mesut Özil
Pepe
Raheem Sterling
Clarence Seedorf
Isco
Alfredo Di Stefano
Ederson
Zidane
Marco Reus
 
Answer Stats
Answer % Correct
Cristiano Ronaldo
100%
Arda guler
88%
Pepe
88%
Zidane
88%
Isco
85%
Ángel Di María
82%
Mesut Özil
82%
Raul
82%
Ronaldo Nazario
82%
Alfredo Di Stefano
79%
Keylor Navas
76%
Martin Ødegaard
73%
Clarence Seedorf
64%
Michael Essien
64%
Sergio Reguilón
64%
Theo Hernandez
64%
Achraf Hakimi
61%
Fabinho
58%
Juan Mata
55%
Samuel Eto'o
55%
No matching quizzes found
Score Distribution
Percent of People with Each Score
Percentile by Number Answered
Your Score History
You have not taken this quiz